| 000 | 00620nam 22002053 4500 | ||
|---|---|---|---|
| 001 | 202086 | ||
| 090 | _a202086 | ||
| 100 | _a20231024d u||y0pory50 ba | ||
| 200 |
_aEstrela Polar _fVergílio Ferreira |
||
| 205 | _a2ª | ||
| 210 |
_aLisboa _cPortugália _dimp. 1967 |
||
| 215 |
_a277, [3] p. _cbrochado _d20 cm |
||
| 225 | _aObras de Vergílio Ferreira | ||
| 300 | _aContém dedicatória na folha de guarda Romance | ||
| 606 |
_aLiteratura Portuguesa _96 |
||
| 675 |
_a821.134.3-3 _vPT _zpor |
||
| 700 |
_91045 _aFerreira _bVergílio _f1916-1996 |
||
| 801 |
_aPT _bBMMN _gRPC |
||
| 830 |
_cAna Falardo _fAna Falardo |
||
| 990 | _cLIVROS | ||